Presidents' Day Trivia - Statistics

General Stats
  • This quiz has been taken 36 times
  • The average score is 32 of 45
Answer Stats
Hint Answer % Correct
One of our best presidents, largely known for the abolition of slavery Abraham Lincoln
97%
Only president to be impeached twice, both times unsuccessfully Donald Trump
97%
Was impeached following his affair with Monica Lewinsky Bill Clinton
93%
Served four terms as president Franklin D. Roosevelt
93%
Widely credited for writing the Declaration of Independence Thomas Jefferson
93%
Youngest president and only black president Barack Obama
90%
First president to serve two non-consecutive terms Grover Cleveland
90%
Involved in the Watergate Scandal, forcing him to resign Richard Nixon
90%
Initiated the "war on terror" George W. Bush
87%
Launched two atomic bombs over Japan Harry S. Truman
87%
His laissez-faire views prevented him from alleviating the Great Depression Herbert Hoover
87%
Was an actor before running for president Ronald Reagan
87%
Represented a different political party than his father, who was also president John Quincy Adams
83%
Was a commanding general during the Civil War Ulysses S. Grant
83%
First Democratic president and face of the $20 bill Andrew Jackson
80%
President during the Gulf War George H. W. Bush
80%
Sworn in aboard Air Force One Lyndon B. Johnson
80%
This president is known for failing to help with Reconstruction Andrew Johnson
77%
Served entirely in the 18th century George Washington
77%
The only president to never be elected president or vice president Gerald Ford
77%
He mainly spoke Dutch rather than English Martin van Buren
77%
Only president to be the grandson of another president Benjamin Harrison
73%
The only president to be a centenarian Jimmy Carter
73%
First vice president to ascend to office after the death of the president John Tyler
73%
He later became Chief Justice of the Supreme Court William Howard Taft
73%
His "Fourteen Points" were meant to guide the world in the aftermath of World War I Woodrow Wilson
73%
Was the shortest president at 5'4 James Madison
70%
His short presidency was tainted with his involvement in the Teapot Dome Scandal Warren G. Harding
70%
His presidency lasted only a month, the shortest of any president William Henry Harrison
70%
Namesake of the Interstate System Dwight D. Eisenhower
67%
His assassination was successful due to the inadequacy of his doctors James A. Garfield
67%
Only president from the Federalist Party John Adams
67%
Criticized for leading the U.S. into the Civil War James Buchanan
63%
Assassinated at the Pan-American Exposition William McKinley
63%
President during the Mexican-American War James K. Polk
60%
Youngest person to become president Theodore Roosevelt
60%
Gave a speech where he sympathized with the residents of West Berlin John F. Kennedy
57%
Ended Reconstruction at the start of his presidency Rutherford B. Hayes
57%
Namesake of the capital of Liberia James Monroe
53%
Only president born during the Silent Generation Joe Biden
50%
Contracted food poisoning after eating cherries and iced milk Zachary Taylor
47%
Gave citizenship to Native Americans Calvin Coolidge
37%
Early in his presidency, he survived a train crash Franklin Pierce
27%
Battled Napoleon III over control over Hawaii Millard Fillmore
27%
Has a statue in Madison Square, New York Chester A. Arthur
23%
No matching quizzes found
Score Distribution
Percent of People with Each Score
Percentile by Number Answered
Your Score History
You have not taken this quiz